000 00340pab a2200145 454500
008 180718b1988 xxu||||| |||| 00| 0 eng d
100 _aNice, David C.
245 _aState programs for crime victims
260 _c1988
300 _a25-41
362 _aFall
650 _aCrime - U.S.A.
773 _aPolicy Studies Journal
909 _a6900
999 _c6900
_d6900